01146nam a2200217 a 450000100100000000500170001000800410002702000150006804000250008310000430010824501530015126001300030430000350043449000880046950400200055750400730057771000600065083000950071095201060080599900170091100004132320201002034804.0130930s1999 sp abd 000 0 spa d a8400078152 aDO-SdBNPbspacBNPHU1 aRodríguez López, Joaquín.96795313aEl Desorden de las cosas :bpropiedad, herencia, familia y emigración en un pueblo de la Sierra Norte madrileña /cJoquín Rodríguez López. aMadrid :bConsejo Superior de Investigaciones Científicas :bDepartamento de Antropología de España y América,c1999. a180 p. :bil., mapas ;c24 cm.1 aInstituto de filología. Biblioteca de dialectología y tradiciones popularesv31 abibliografía. aIncluye referencias bibliográficas y notas al pie de las páginas2 aConsejo Superior de Investigaciones Científicas94786 0aInstituto de filología. Biblioteca de dialectología y tradiciones popularesn31967954 0010507-18MOaGRbGRcOId2013-09-30iLF1l0o p41323-10r2020-06-25w2020-06-25y1ZNo se presta c40813d40813